000 00438nam a2200169Ia 4500
001 20636
003 IN-NITTTR
005 20251114233236.0
008 251113s9999||||xx |||||||||||||| ||eng||
040 _beng
040 _cIN-NITTTR
041 _aeng
082 _a646.43 V86
100 _aLenker, Sandra
245 0 _aVogue fitting :
_b the book of fitting techniques, adjustments and alterations /
_cLenker, Sandra
942 _2ddc
_cBK
999 _c23266
_d23266